000 00606nam a2200229Ia 4500
003 OSt
005 20220928123958.0
006 a|||||r|||| 00| 0
007 ta
008 220927b |||||||| |||| 00| 0 eng d
024 _a26850
037 _cTextual
040 _aSDCL
_cSDCL
_beng
041 _2eng
_aeng
082 _aQ14x, N7
100 _aJitendra Kumar
_9424887
245 0 _aAtharveda par Sayana- Bhashya ki samiksha.
260 _aDelhi
_bJ P Publishing House
_c1997
300 _axv,324p.
_ccm.
942 _hQ14x, N7
_cTEXL
_2CC
999 _c775887
_d775887